Séries originales Netflix - Mort subite #1 - Statistiques

Statistiques générales
  • Ce quiz a été pris 128 fois
  • Le résultat moyen est 3 sur 16
Answers on the Grid
Answers color-coded by a green-red scale on the quiz's grid according to % correct below.
Umbrella Academy
Sex Education
Squid Game
Lupin
Alice in Borderland
Stranger Things
House of Cards
Le Jeu de la dame
Ozark
Ginny et Georgia
The Recruit
Atypical
La Diplomate
The OA
Dans leur regard
BoJack Horseman
Black Mirror
La Casa de Papel
The Good Place
Brooklyn Nine-Nine
S.W.A.T.
New Amsterdam
Vikings
Breaking Bad
Suits
Bodyguard
Riverdale
Peaky Blinders
 
Statistiques - réponses
Réponse % Correct
Stranger Things
43%
Lupin
36%
Sex Education
36%
Squid Game
36%
Ginny et Georgia
31%
Alice in Borderland
24%
Umbrella Academy
22%
Le Jeu de la dame
19%
Ozark
14%
The Recruit
12%
Atypical
9%
The OA
9%
Dans leur regard
7%
House of Cards
5%
La Diplomate
5%
BoJack Horseman
3%
Aucun quiz correspondant
Distribution des résultats
% des personnes avec chaque résultat
Percentile par nombre de réponses
Votre historique - résultats
Vous n’avez pas pris ce quiz